000
00237nam a2200097Ia 4500
001
649840
005
20250826154348.0
008
250824s9999 xx 000 0 und d
245
0
_a
GÜLÜCÜK
_c
CAHİT ZARİFOĞLU
260
_b
BEYAN YAYINLARI
999
_c
649840
_d
649840